Szczegóły MARC21

Projekty inwestycyjne : finansowanie, metody i procedury oceny /

003 -Nazwa inst., której nr kontr. jest w polu 001 [,]
    • @
    • Nazwa instytucji, której n kontrolny jest w polu 001
    • NUKAT
005 -DATA I CZAS OSTATNIEJ MODYFIKACJI [,]
    • @
    • pole kontrolne
    • 20241231111949.0
020 -Międzynarod. znormalizowany nr książki - ISBN [ , ]
    • a
    • Numer ISBN
    • 8386514159 Find
040 -Instytucja sporządzająca opis [ , ]
    • a
    • Instytucja, która sporządziła opis (NP)
    • GD U/TZ
    • c
    • Instytucja, która sporządziła rekord (NP)
    • GD U/TZ
    • d
    • Instytucja, która zmodyfikowała rekord (P)
    • GD U/TZ
    • d
    • Instytucja, która zmodyfikowała rekord (P)
    • GD u/AEKs
    • d
    • Instytucja, która zmodyfikowała rekord (P)
    • KR 93/11MSz
942 -Rodzaj dokumentu [ , ]
    • c
    • Rodzaj dokumentu
    • Książka
245 -Strefa tytułu i oznaczenia odpowiedzialności [0,0]
    • a
    • Tytuł
    • Projekty inwestycyjne : Find
    • b
    • Ciąg dalszy tytułu (NP)
    • finansowanie, metody i procedury oceny / Find
    • c
    • Pozostałe elementy strefy tytułu i oznaczenia odpowiedzialności (NP)
    • Lucjan Czechowski [et al.] ; pod red. Teresy Gostkowskiej-Drzewickiej.
260 -Strefa adresu wydawniczego [ , ]
    • a
    • Miejsce wydania (P)
    • Gdańsk :
    • b
    • Nazwa wydawcy (P)
    • Ośrodek Doradztwa i Doskonalenia Kadr,
    • c
    • Data wydania (P)
    • 1999.
300 -Strefa opisu fizycznego [ , ]
    • a
    • Określenie formy książki i/lub objętość (NP)
    • 283 s. ;
    • c
    • Format (NP)
    • 21 cm.
336 -Typ zawartości [ , ]
    • a
    • Termin opisujący typ zawartości
    • Tekst
    • b
    • Kod określający zawartość
    • txt
    • 2
    • Źródło (terminu i kodu)
    • rdacontent
337 -Typ mediów [ , ]
    • a
    • Tryb odtwarzania
    • Bez urządzenia pośredniczącego
    • b
    • Kod typu mediów
    • n
    • 2
    • Źródło (terminu i kodu)
    • rdamedia
338 -Typ/rodzaj nośnika [ , ]
    • a
    • Hasło opisujące typ nośnika
    • Wolumin
    • b
    • Kod typu nośnika
    • nc
    • 2
    • Źródło (terminu i kodu)
    • rdacarrier
080 -Uniwersalna Klasyfikacja Dziesiętna [ , ]
    • a
    • Symbol klasyfikacji
    • 330.322.5
    • 9
    • UKD
    • 2959
    • 2
    • Identyfikator wydania tablic
    • UDC-P058
    • b
    • Dopowiedzenie
    • Rentowność, efektywność inwestycji. Kalkulacja kosztów inwestycji. Mierzenie efektywności inwestycji.
080 -Uniwersalna Klasyfikacja Dziesiętna [ , ]
    • a
    • Symbol klasyfikacji
    • :658.14/.17.011
650 -Hasło przedmiotowe [ ,7]
    • a
    • Hasło przedmiotowe
    • Inwestycje
    • x
    • Określnik rzeczowy
    • finanse.
    • 2
    • Źródło terminu
    • kaba
    • 9
    • KHW
    • 369960
650 -Hasło przedmiotowe [ ,7]
    • a
    • Hasło przedmiotowe
    • Inwestycje kapitału
    • x
    • Określnik rzeczowy
    • modele matematyczne.
    • 2
    • Źródło terminu
    • kaba
    • 9
    • KHW
    • 382024
650 -Hasło przedmiotowe [ ,7]
    • a
    • Hasło przedmiotowe
    • Inwestycje
    • x
    • Określnik rzeczowy
    • ocena
    • x
    • Określnik rzeczowy
    • modele matematyczne.
    • 2
    • Źródło terminu
    • kaba
    • 9
    • KHW
    • 363091
980 -Symbol UKD [ , ]
    • a
    • UKD
    • 330.322.5:658.14/.17.011
700 -Hasło dodatkowe - nazwa osobowa [1, ]
    • a
    • Nazwa osobowa (NP)
    • Czechowski, Lucjan. Find
    • 9
    • KHW
    • 28532
700 -Hasło dodatkowe - nazwa osobowa [1, ]
    • a
    • Nazwa osobowa (NP)
    • Gostkowska-Drzewicka, Teresa. Find
    • e
    • Określenie rodzaju współpracy
    • Red.
    • 9
    • KHW
    • 56352
710 -Hasło dodatkowe - nazwa ciała zbiorowego [2, ]
    • a
    • Nazwa ciała zbiorowego lub nazwa geograficzna jako pierwszy element (NP)
    • Ośrodek Doradztwa i Doskonalenia Kadr (Gdańsk).
    • 4
    • Kod relacji
    • pbl
    • 9
    • KHW
    • 53467
920 -ISBN [ , ]
    • a
    • ISBN
    • 83-86514-15-9 Find
Lokalizacja Data inwentaryzacji Numer inwentarzowy Status udost.
BE2000-09-01E.67286-2
BE2000-09-01S.86813-3